000
00302nam a22001337a 4500
008
181024b xxu||||| |||| 00| 0 eng d
020
_a
2740353263759
041
_a
eng
080
_2
6 ed
_a
070
100
_a
27
101
_a
MED
245
_a
Organization Communication
_c
MIller.k
942
_2
udc
_c
BK
999
_c
50864
_d
50864